000
00356nam a2200145 a 4500
005
20140412111238.0
008
091205s19uu xx 00 eng d
020
_a
0-439-44530-2
050
_a
ER
_b
G62 2002
245
_a
Yankee Doodle.
260
_a
U.S.A :
_b
Scholastic,
_c
2002.
300
_a
unp.
440
_a
Sing and Read Storybook
999
_c
102553
_d
102553